Statistics for The BIG Quiz: every answer contains the word big

Click here to take the quiz!

General Stats

  • This quiz has been taken 29 times
  • The average score is 6 of 15

Answer Stats

HintAnswer% Correct
NYCBig Apple
96%
Forget creationism! How it all startedBig Bang
96%
Nauseating reality tv showBig Brother
71%
Asterism, known as The Plough in the UKThe Big Dipper
46%
Song by The Four Seasons and also the title of a different song by FergieBig Girls Don't Cry
43%
Important, successful, or influential person.Big gun
36%
Major junk food sellerBig Mac
36%
Coen brothers movieThe Big Lebowski
32%
Enthusiastic applauseBig hand
25%
Custer's Last StandBattle of the Little Bighorn
21%
Mick Jones band after the ClashBig Audio Dynamite
14%
Well known country song from 60s by Jimmy DeanBig Bad John
14%
A fortuitous moment, opportunity, or turn of events of great consequence, especially as relates to one's career. Big break
14%
*When prominent people fail, their failure is more dramatic.Bigger they are, the harder they fall
7%
*Where a person has more power, knowledge, or experience than others within a small group.Big fish in a small pond
4%

Score Distribution

Percentile by Number Answered

Percent of People with Each Score

Your Score History

You have not taken this quiz